|
|
|
|
| LEADER |
00000nmm0a2200000 4500 |
| 001 |
251808 |
| 005 |
20231101232705.0 |
| 010 |
|
|
|a 9785434400824
|
| 035 |
|
|
|a (RuTPU)RU\TPU\book\274120
|
| 090 |
|
|
|a 251808
|
| 100 |
|
|
|a 20140225d2012 k y0rusy50 ca
|
| 101 |
0 |
|
|a rus
|
| 102 |
|
|
|a RU
|
| 105 |
|
|
|a a z 001zy
|
| 200 |
1 |
|
|a Динамика многофазных течений в морских магистральных трубопроводах
|f А. Н. Папуша, Д. В. Казунин
|
| 210 |
|
|
|a Ижевск
|a Москва
|c Институт компьютерных исследований
|d 2012
|
| 215 |
|
|
|a 495 с.
|c ил.
|e CD-ROM
|
| 320 |
|
|
|a Библиогр.: с. 489-494.
|
| 330 |
|
|
|a В книге, в электронном виде рассмотрены и представлены основные модели проектных расчетов транспорта углеводородного сырья подводными газопроводами в многофазном режиме течения. Проектные решения базируются на общих законах механики сплошных сред, фундаментальных физических свойствах реальных газов и жидких углеводородов. Здесь же предложены и усовершенствованные методики расчета транспорта газа и газоконденсата по магистральным морским трубопроводам, включая описание нестационарных процессов тепломассопереноса в трубах, в которых уточняются расчетные модели ряда физических явлений, присущих реальному газоконденсату. Все методики и привнесенные в них расчеты выполнены в открытых кодах компьютерной среды Mathematica, что позволяет выполнять моделирование и уточнение проектных расчетов транспорта углеводородов в многофазном режиме течения без привлечения ряда коммерческих программных средств, таких, например, как OLGA. Электронный вариант книги на CD будет полезен проектантам, исследователям и студентам, занимающимся вопросами проектирования подводных морских трубопроводов для доставки углеводородов в многофазном режиме течения.
|
| 606 |
1 |
|
|a Трубопроводный транспорт нефти и газа
|x Горное дело
|2 stltpush
|3 (RuTPU)RU\TPU\subj\61734
|9 78897
|
| 610 |
1 |
|
|a углеводородный транспорт
|
| 610 |
1 |
|
|a морские магистральные трубопроводы
|
| 610 |
1 |
|
|a многофазные течения
|
| 610 |
1 |
|
|a звуковые волны
|
| 610 |
1 |
|
|a динамика
|
| 610 |
1 |
|
|a законы сохранения
|
| 610 |
1 |
|
|a теплообмен
|
| 610 |
1 |
|
|a подводные газопроводы
|
| 610 |
1 |
|
|a установившиеся течения
|
| 610 |
1 |
|
|a сжимаемые жидкости
|
| 610 |
1 |
|
|a сжимаемые газы
|
| 610 |
1 |
|
|a несжимаемые газы
|
| 610 |
1 |
|
|a несжимаемые жидкости
|
| 610 |
1 |
|
|a газовые пузыри
|
| 610 |
1 |
|
|a колебания
|
| 610 |
1 |
|
|a морские месторождения
|
| 610 |
1 |
|
|a подводное освоение
|
| 610 |
1 |
|
|a газлифт
|
| 610 |
1 |
|
|a CD-ROM
|
| 675 |
|
|
|a 622.69
|v 3
|
| 700 |
|
1 |
|a Папуша
|b А. Н.
|g Александр Николаевич
|
| 701 |
|
1 |
|a Казунин
|b Д. В.
|g Дмитрий Владимирович
|
| 801 |
|
1 |
|a RU
|b 63413507
|c 20140225
|
| 801 |
|
2 |
|a RU
|b 63413507
|c 20200312
|g RCR
|
| 900 |
|
|
|a Трубопроводный транспорт нефти и газа
|
| 942 |
|
|
|c MX
|
| 959 |
|
|
|a 36/20140225
|d 2
|e 410,00
|f ЧЗТЛ:1
|f АНЛ:1
|